| 000 | 01134naa a22003017a 4500 | ||
|---|---|---|---|
| 001 | BR8105739 | ||
| 003 | BR-BrBNA | ||
| 005 | 20240918174853.0 | ||
| 007 | ta | ||
| 008 | 230509b bl.||||| |||| 00| 0 por d | ||
| 040 |
_aBR-BrBNA _bpor _cBiblioteca Nacional de Agricultura |
||
| 041 | _a(Pt) | ||
| 072 |
_aF25 _b2120 _b3801 |
||
| 090 | _aF25 BR8105739 | ||
| 100 | 1 | _aReis, A.J. | |
| 100 | 1 | _aArruda, H.V. | |
| 111 | 1 |
_a9. Congresso Brasileiro de Pesquisas Cafeeiras _cSao Lourenco, MG (Brazil) _d27 Oct 1981 |
|
| 245 | 1 | _aExperimento visando substituir o esterco de galinha e de curral pelo produto comercial MO 80, na formacao de cafezais | |
| 260 | 3 |
_aRio de Janeiro, RJ (Brasil): _c1981. |
|
| 500 | _aResumos do 9. Congresso Brasileiro de Pesquisas Cafeeiras Rio de Janeiro, RJ (Brasil): 1981. p. 94-95 (BR8105739-AM)F25 | ||
| 650 | _aFERTILIZANTE | ||
| 650 | _aCAFE | ||
| 650 | _aADUBO ORGANICO | ||
| 650 | _aHUMUS | ||
| 773 | 0 |
_tResumos do 9. Congresso Brasileiro de Pesquisas Cafeeiras _wF25 BR8105739 _gRio de Janeiro, RJ (Brasil), 1981. p. 94-95 |
|
| 909 |
_a202404 _bLucia _c55 _dLucia Elande |
||
| 942 |
_cAM _2AGRIS |
||
| 999 |
_c314119 _d314119 |
||